[Event "40 Yrs Beer Sheva CC"]
[Site "Beer Sheva ISR"]
[Date "2013.05.27"]
[Round "5"]
[White "Roiz, Michael"]
[Black "Khmelniker, Ilya"]
[Result "1-0"]
[WhiteTitle "GM"]
[BlackTitle "GM"]
[WhiteElo "2617"]
[BlackElo "2494"]
[WhiteFideId "2804158"]
[BlackFideId "2805340"]
[EventDate "2013.05.26"]

1. Nf3 Nf6 2. d4 g6 3. Bf4 Bg7 4. e3 d6 5. Be2 O-O 6. O-O c5 7. c3 Qb6 8. Qc1
Nc6 9. Nbd2 d5 10. a4 cxd4 11. exd4 Bf5 12. Ne5 Rac8 13. Nxc6 Qxc6 14. Nf3 a6
15. Re1 Ne4 16. Bh6 Qb6 17. Bxg7 Kxg7 18. a5 Qc7 19. Bf1 Rfe8 20. Qe3 Nf6 21. h3
Rcd8 22. Qe5 Qxe5 23. dxe5 Ne4 24. Nd4 Bc8 25. Rad1 f6 26. f3 Nc5 27. b4 Ne6 28.
Nb3 Rd7 29. exf6+ Kxf6 30. Re3 Red8 31. g3 d4 32. Rxe6+ Kxe6 33. Nc5+ Kf6 34.
Nxd7+ Rxd7 35. Rxd4 Rxd4 36. cxd4 e5 37. Kf2 exd4 38. f4 Ke6 39. Bg2 Kd6 40. Ke2
Kc7 41. Kd3 1-0

[Event "40 Yrs Beer Sheva CC"]
[Site "Beer Sheva ISR"]
[Date "2013.05.27"]
[Round "5"]
[White "Alekseev, Evgeny"]
[Black "Avrukh, Boris"]
[Result "1-0"]
[WhiteTitle "GM"]
[BlackTitle "GM"]
[WhiteElo "2700"]
[BlackElo "2576"]
[WhiteFideId "4138147"]
[BlackFideId "2803895"]
[EventDate "2013.05.26"]

1. e4 e5 2. Nf3 Nc6 3. Bb5 a6 4. Ba4 Nf6 5. d3 b5 6. Bb3 Bc5 7. Nc3 d6 8. Nd5 h6
9. c3 Rb8 10. O-O O-O 11. Be3 Bxe3 12. Nxf6+ Qxf6 13. fxe3 Na5 14. Bc2 c5 15. b4
Nb7 16. Bb3 Qe7 17. Qe1 Be6 18. Nh4 g6 19. Nf5 gxf5 20. exf5 Kh7 21. fxe6 fxe6
22. Qg3 Rg8 23. Qh3 d5 24. e4 c4 25. Bc2 d4 26. cxd4 exd4 27. e5 c3 28. Rf6 Qg7
29. g3 Nd8 30. Raf1 Qg5 31. R1f4 Rg6 32. Rxg6 Qxg6 33. Rxd4 Nf7 34. Rf4 Nxe5 35.
Qg2 Qg7 36. d4+ Ng6 37. Rg4 Kh8 38. Kh1 Rd8 39. Rxg6 Qf8 40. Rg4 Qf6 41. Rf4 Qg7
42. Qe4 1-0

[Event "40 Yrs Beer Sheva CC"]
[Site "Beer Sheva ISR"]
[Date "2013.05.27"]
[Round "5"]
[White "Nabaty, Tamir"]
[Black "Fedorchuk, Sergey A."]
[Result "1-0"]
[WhiteTitle "GM"]
[BlackTitle "GM"]
[WhiteElo "2579"]
[BlackElo "2660"]
[WhiteFideId "2809052"]
[BlackFideId "14102536"]
[EventDate "2013.05.26"]

1. Nf3 Nf6 2. c4 e6 3. Nc3 Bb4 4. Qc2 c5 5. a3 Ba5 6. e3 O-O 7. Be2 Nc6 8. O-O
d6 9. d4 a6 10. Rd1 Qe7 11. b3 Bd7 12. Bb2 Rac8 13. dxc5 dxc5 14. Ng5 Rfd8 15.
Na4 e5 16. Bd3 h6 17. Ne4 Nxe4 18. Bxe4 Bg4 19. f3 Be6 20. Rxd8+ Bxd8 21. Nc3
Qg5 22. Qe2 Na5 23. Bc2 b5 24. Nd5 Bxd5 25. cxd5 c4 26. f4 exf4 27. exf4 Bb6+
28. Kh1 Qxf4 29. Rf1 Qg5 30. Qe4 c3 31. Qh7+ Kf8 32. d6 Ke8 33. Bf5 Kf8 1-0

[Event "40 Yrs Beer Sheva CC"]
[Site "Beer Sheva ISR"]
[Date "2013.05.27"]
[Round "6"]
[White "Laznicka, Viktor"]
[Black "Rodshtein, Maxim"]
[Result "1/2-1/2"]
[WhiteTitle "GM"]
[BlackTitle "GM"]
[WhiteElo "2679"]
[BlackElo "2638"]
[WhiteFideId "316385"]
[BlackFideId "2806851"]
[EventDate "2013.05.26"]

1. e4 c5 2. Nf3 e6 3. c3 d5 4. exd5 Qxd5 5. d4 Nf6 6. Be3 cxd4 7. cxd4 Bb4+ 8.
Nc3 O-O 9. a3 Bxc3+ 10. bxc3 Qa5 11. Qb3 b6 12. Rc1 Ba6 13. Bxa6 Qxa6 14. c4 Nc6
15. a4 Rac8 16. Qb5 Qb7 17. O-O Rfd8 18. Rfd1 h6 19. h3 Qd7 20. Rc2 Na5 21. Rdc1
Rc7 22. Bf4 Rcc8 23. Be5 Ne4 24. Bf4 Nf6 25. Be3 Rc7 26. Ne5 Qc8 27. f4 Nd5 28.
Bd2 f6 29. Ng6 a6 30. cxd5 Rxc2 31. Rxc2 Qxc2 32. Qxb6 Re8 33. Bxa5 exd5 34. f5
Qxf5 35. Nh4 Qc2 36. Qd6 Kh7 37. Qxd5 Qc1+ 38. Kh2 Qf4+ 39. g3 Qf2+ 40. Ng2 Re3
41. Bc7 Re1 42. h4 f5 43. g4 fxg4 44. Bf4 Qg1+ 45. Kg3 Re2 46. Qf5+ Kh8 47. Qc8+
Kh7 48. Qf5+ Kh8 49. Qc8+ Kh7 1/2-1/2

[Event "40 Yrs Beer Sheva CC"]
[Site "Beer Sheva ISR"]
[Date "2013.05.27"]
[Round "6"]
[White "Huzman, Alexander"]
[Black "Nabaty, Tamir"]
[Result "1-0"]
[WhiteTitle "GM"]
[BlackTitle "GM"]
[WhiteElo "2572"]
[BlackElo "2579"]
[WhiteFideId "2803828"]
[BlackFideId "2809052"]
[EventDate "2013.05.26"]

1. d4 d5 2. c4 c6 3. Nf3 Nf6 4. e3 Bg4 5. h3 Bh5 6. Nc3 e6 7. g4 Bg6 8. Ne5 Nbd7
9. Nxg6 hxg6 10. a3 dxc4 11. Bxc4 Nb6 12. Ba2 Bd6 13. Qf3 Qe7 14. Bd2 O-O-O 15.
O-O-O Nfd5 16. Ne2 f5 17. e4 fxe4 18. Qxe4 g5 19. Kb1 Rdf8 20. f3 Rh6 21. Rde1
Kd7 22. Nc1 Qf6 23. Nd3 Qxf3 24. Nc5+ Bxc5 25. dxc5 Nc8 26. Bxg5 Rxh3 27. Qxe6+
Kc7 28. Qe5+ Kd7 29. Bxd5 cxd5 30. Rxh3 Qxh3 31. Qxd5+ Kc7 32. Bf4+ 1-0

[Event "40 Yrs Beer Sheva CC"]
[Site "Beer Sheva ISR"]
[Date "2013.05.27"]
[Round "6"]
[White "Greenfeld, Alon"]
[Black "Fridman, Daniel"]
[Result "1/2-1/2"]
[WhiteTitle "GM"]
[BlackTitle "GM"]
[WhiteElo "2538"]
[BlackElo "2648"]
[WhiteFideId "2800039"]
[BlackFideId "11600454"]
[EventDate "2013.05.26"]

1. c4 e6 2. Nf3 d5 3. g3 Nf6 4. Bg2 Be7 5. O-O O-O 6. b3 c5 7. Bb2 Nc6 8. cxd5
Nxd5 9. Nc3 Bf6 10. Qb1 b6 11. Ne4 Bxb2 12. Qxb2 f5 13. Nc3 Qf6 14. Rac1 Ba6 15.
d3 Rac8 16. a3 g5 17. Qa1 g4 18. Nd2 Nxc3 19. Qxc3 Qxc3 20. Rxc3 Nd4 21. Re1 Nb5
22. Rc2 Rc7 23. e3 Rd7 24. a4 Nc7 25. d4 Nd5 26. Nc4 Nb4 27. Rd2 Rfd8 28. Ne5
Rd6 29. Red1 cxd4 30. Rxd4 Rxd4 31. Rxd4 Rxd4 32. exd4 Kf8 33. f3 gxf3 34. Bxf3
Ke7 35. Kf2 Kd6 36. Nf7+ Ke7 37. Ne5 Nc2 38. Bd1 Nb4 39. Bf3 Nc2 40. Bd1 Nb4 41.
Bf3 1/2-1/2

[Event "40 Yrs Beer Sheva CC"]
[Site "Beer Sheva ISR"]
[Date "2013.05.27"]
[Round "6"]
[White "Khmelniker, Ilya"]
[Black "Postny, Evgeny"]
[Result "0-1"]
[WhiteTitle "GM"]
[BlackTitle "GM"]
[WhiteElo "2494"]
[BlackElo "2637"]
[WhiteFideId "2805340"]
[BlackFideId "2804344"]
[EventDate "2013.05.26"]

1. d4 d5 2. Nf3 Nf6 3. c4 dxc4 4. e3 e6 5. Bxc4 a6 6. O-O b5 7. Bb3 Bb7 8. a4
Nbd7 9. Qe2 c5 10. axb5 axb5 11. Rxa8 Qxa8 12. Nc3 b4 13. Nb5 Qb8 14. Bc4 Be7
15. dxc5 O-O 16. Nfd4 Bxc5 17. Nb3 Be7 18. N5d4 Ne5 19. Bb5 Rc8 20. f3 Nc6 21.
Nxc6 Bxc6 22. Bxc6 Rxc6 23. Nd4 Rc8 24. Bd2 Bc5 25. Nb3 Ba7 26. Kh1 h6 27. Qa6
Rc2 28. Rc1 Qc7 29. Qd3 Rxc1+ 30. Nxc1 Nd5 31. g3 Qb6 0-1

[Event "40 Yrs Beer Sheva CC"]
[Site "Beer Sheva ISR"]
[Date "2013.05.27"]
[Round "6"]
[White "Avrukh, Boris"]
[Black "Roiz, Michael"]
[Result "1/2-1/2"]
[WhiteTitle "GM"]
[BlackTitle "GM"]
[WhiteElo "2576"]
[BlackElo "2617"]
[WhiteFideId "2803895"]
[BlackFideId "2804158"]
[EventDate "2013.05.26"]

1. d4 Nf6 2. c4 e6 3. Nc3 Bb4 4. e3 c5 5. Ne2 d5 6. a3 Bxc3+ 7. Nxc3 cxd4 8.
exd4 dxc4 9. Bxc4 Nc6 10. Be3 O-O 11. O-O h6 12. Rc1 Ne7 13. Qf3 Ned5 1/2-1/2